Kỹ thuật trồng hoa

Wedi'i Gadw mewn:
Manylion Llyfryddiaeth
Prif Awdur: Trương Hữu Tuyên
Fformat: Llyfr
Iaith:Undetermined
Cyhoeddwyd: Hà Nội Nông Nghiệp 1979
Pynciau:
Tagiau: Ychwanegu Tag
Dim Tagiau, Byddwch y cyntaf i dagio'r cofnod hwn!
Thư viện lưu trữ: Trung tâm Học liệu Trường Đại học Cần Thơ
LEADER 00471nam a2200169Ia 4500
001 CTU_13428
008 210402s9999 xx 000 0 und d
082 |a 635.9 
082 |b T527 
100 |a Trương Hữu Tuyên 
245 0 |a Kỹ thuật trồng hoa 
245 0 |c Trương Hữu Tuyên 
260 |a Hà Nội 
260 |b Nông Nghiệp 
260 |c 1979 
650 |a floriculture 
980 |a Trung tâm Học liệu Trường Đại học Cần Thơ